Online Catalogue and eLibrary

Survival and Right to Information (Record no. 980)

MARC details
000 -LEADER
fixed length control field 00401nam a2200145Ia 4500
005 - DATE AND TIME OF LATEST TRANSACTION
control field 20250324070027.0
008 - FIXED-LENGTH DATA ELEMENTS--GENERAL INFORMATION
fixed length control field 240331s9999 xx 000 0 und d
082 ## - DDC Classification
Class No. 302.24
Item Number - Author Mark ROY
DDC Edition Number 6027
100 ## - MAIN ENTRY--PERSONAL NAME
Personal name Roy, A
245 #0 - TITLE STATEMENT
Title Survival and Right to Information
260 ## - PUBLICATION, DISTRIBUTION, ETC.
Place of publication, distribution, etc. Hyderabad,
Name of publisher, distributor, etc. Forum for Freedom of Expression
300 ## - PHYSICAL DESCRIPTION
Extent (e.g. Volumes, Pages etc.) 22 p.,
500 ## - GENERAL NOTE
General note A lecture on Gulam Rasool, a city reporter.
942 ## - Koha item type (Biblio)
Koha item type Books in Stacks (Lending)
Holdings
Lost status Damaged status Collection code Home library Current library Shelving location Date acquired Full call number Accession Number Item type
    Lending WERC Library WERC Library Social Science Cupboard 03/31/2024 302.24 ROY 6027 Books in Stacks (Lending)

© WERC Library